Sử dụng vi điều khiển 8051 thiết kế mạch phát nhạc đơn âm (phát các nốt nhạc đơn âm và hiển thị Led trước khi phát nhạc đơn âm)
Giới Thiệu Về Các Linh Kiện Điện Tử Được Sử Dụng Trong Mạch. Các Kiến Thức Cơ Bản Về Âm Thanh Và Nhạc Lý. Thiết Kế Mạch
Đã lưu trong:
| Tác giả chính: | |
|---|---|
| Tác giả khác: | |
| Định dạng: | Sách |
| Ngôn ngữ: | Vietnamese |
| Được phát hành: |
Đà Nẵng
Đại học Sư phạm, Đại học Đà Nẵng
2013
|
| Những chủ đề: | |
| Các nhãn: |
Thêm thẻ
Không có thẻ, Là người đầu tiên thẻ bản ghi này!
|
| Thư viện lưu trữ: | Mạng thư viện Đại học Đà Nẵng |
|---|
| LEADER | 01747nam a2200385 4500 | ||
|---|---|---|---|
| 001 | 000019171 | ||
| 003 | 15606 | ||
| 005 | 20140321160300.0 | ||
| 008 | 140320s2013 viesd | ||
| 041 | |a vie | ||
| 072 | |a VL | ||
| 082 | 1 | 4 | |a 621.381 |b LÊ-K |
| 100 | 1 | |a Lê Thị Khánh | |
| 245 | 1 | 0 | |a Sử dụng vi điều khiển 8051 thiết kế mạch phát nhạc đơn âm (phát các nốt nhạc đơn âm và hiển thị Led trước khi phát nhạc đơn âm) |c Lê Thị Khánh ; Lê Xứng hướng dẫn |k Khóa luận tốt nghiệp |
| 260 | |a Đà Nẵng |b Đại học Sư phạm, Đại học Đà Nẵng |c 2013 | ||
| 300 | |a 63 tr. |b Hình mh. |c 29 cm. | ||
| 500 | |a Khóa luận tốt nghiệp đại học. Chuyên ngành: Cử nhân Vật lý | ||
| 520 | |a Giới Thiệu Về Các Linh Kiện Điện Tử Được Sử Dụng Trong Mạch. Các Kiến Thức Cơ Bản Về Âm Thanh Và Nhạc Lý. Thiết Kế Mạch | ||
| 650 | 0 | 4 | |a Vi điều khiển |v Khóa luận tốt nghiệp |x Thiết kế mạch |x Nghiên cứu |
| 653 | |a Khoa Vật Lý | ||
| 653 | |a Vi điều khiển 8051 | ||
| 653 | |a Mạch phát nhạc đơn âm | ||
| 653 | |a Điện tử | ||
| 653 | |a Vật lí ứng dụng | ||
| 700 | 1 | |a Lê Xứng |e Hướng dẫn | |
| OWN | |a LSP | ||
| AVA | |a UDN50 |b LSP |d 621.381 LÊ-K |e available |t Error 5001 Not defined in file expand_doc_bib_avail. |f 1 |g 0 |h N |i 0 |k 1 | ||
| 999 | |a From the UDN01 | ||
| AVA | |a UDN50 |b LSP |d 621.381 LÊ-K |e available |t Error 5001 Not defined in file expand_doc_bib_avail. |f 1 |g 0 |h N |i 0 |k 1 | ||
| TYP | |a Monograph | ||
| TYP | |a Printed language | ||
| 980 | |a Mạng thư viện Đại học Đà Nẵng | ||